000 00786nam a22002177a 4500
008 081119t xxu||||| |||| 00| 0 eng d
010 _aENG-91658
020 _a9788189913908
_c695.00
035 _aEN-75191
037 _bDBAD / PUB
040 _adpl
_bEnglish
082 _a613.2
100 _aKiran, A.K.
245 _aFundamentals of applied nutrition /
_cby A.K. Kiran
260 _aNew Delhi
_bAlfa Publications
_c2008
270 _a4398/5, Ansari Road, Daryaganj,
_bNew Delhi
_e110002
300 _a320p.
_c22cm (Hb)
650 _aNutrition
942 _2ddc
_cEN
_mKIR
_h613.2
999 _c18713
_d18713